000 00497nam a2200169Ia 4500
005 20250326130612.0
008 250326s9999 xx 000 0 und d
037 _aTextbook
040 _aFMSL
_beng
_cFMSL
041 _aeng
_2eng
084 _aX:89(D) Q3
_qFMSL
100 _aHuang S H
_9740902
245 0 _aSupply chain management for engineers
_cHuang S H
260 _aUnited Kingdom
_bUnited Kingdom, C R C Press
_c2013
942 _cTB
_hX:89(D) Q3
999 _c1283273
_d1283273